| 000 | 00369nam a22001457a 4500 | ||
|---|---|---|---|
| 003 | OSt | ||
| 005 | 20170105103446.0 | ||
| 008 | 131202t xxu||||| |||| 00| 0 eng d | ||
| 020 | _a0-07-142280-3 | ||
| 040 | _cASAB | ||
| 100 |
_aLaurence L. Brunton _9353 |
||
| 245 | _aGoodman and Gilman's The Pharmacological Basis of Therapeutics | ||
| 250 | _a11th Ed. | ||
| 942 |
_2ddc _cBK |
||
| 999 |
_c16622 _d16622 |
||